000 00743nam a2200205Ia 4500
005 20241129110202.0
008 241129s9999||||xx |||||||||||||| ||und||
037 _aTB
040 _aARTS
_bhin
_cARTS
041 _ahin
_2hin
084 _aV2.J Q5
_qARTS
100 _aओक, पुरूषोत्तम नागेश, ले.
_9156633
245 0 _aकौन कहता है अकबर महान था ?
_cओक, पुरूषोत्तम नागेश, ले.
260 _aनई दिल्ली, भारत
_bहिन्दी साहित्य सदन
_c1988
300 _a299पृ0
365 _aINR
_b250
650 _aHistory-India
942 _cTB
_hV2.J Q5
999 _c1227650
_d1227650